000 00504nam a2200145Ia 4500
008 220216s9999 xx 000 0 und d
100 _aKothandaraman R.
245 0 _aStrategies of biological nitrogen fixation in rubber plantation
260 _bNational Seminar on Biological Nitrogen fixation: Prospects and strategies, 12 March 1993, University of Madras, India
_c1993
650 _aNitrogen fixation
650 _aRubber plantation
700 _aJoseph K.[a]
700 _aMathew J.
942 _cBS
999 _c50333
_d50333